| 000 | 02546nac a2200301 a 4500 | ||
|---|---|---|---|
| 003 | CO-PeBPM | ||
| 005 | 20250714120258.0 | ||
| 007 | ta | ||
| 008 | 250714s2020 ck ao||| |||| 00| 0 spa d | ||
| 020 | _aISBN: 9789587942231 | ||
| 040 |
_aCO-PeBPM _bspa _cCO-PeBPM _erda |
||
| 041 | _aspa | ||
| 082 | 0 | 4 |
_a340.1 M516f _222 |
| 100 | 1 |
_aMejía Quintana, Óscar _eautor |
|
| 245 | 1 | 0 |
_aFilosofía y teoría del derecho (versión ilustrada) _c/ Óscar Mejía Quintana |
| 250 | _aPrimera edición | ||
| 260 |
_aBogotá, Colombia _b: Universidad Nacional de Colombia. Facultad de Derecho _c, 2020 |
||
| 300 |
_a290 páginas _bilustraciones (algunas a color), diagramas, fotografías, retratos _c24 centímetros |
||
| 490 |
_aSerie de Investigaciones Jurídico-Políticas _v26 |
||
| 500 | _aIncluye índice | ||
| 504 | _aIncluye referencias bibliográficas | ||
| 520 | _aEste curso ilustrado de filosofía y teoría del derecho reconstruye la secuencia del concepto de derecho de los paradigmas ius filosóficos y ius teóricos a lo largo de la modernidad. Constituyó el inicio del grupo de investigación REPENSAR el DERECHO (categoría A en MinCiencias) de la Facultad de Derecho y Ciencias Políticas de la Universidad Nacional de Colombia, dirigido por el profesor Óscar Mejía y codirigido por la profesora Diana Hincapié, cuyos proyectos desde el año 2016 exploran el abordaje histórico de las diferentes escuelas jurídicas contemporáneas, su recepción en Colombia y Latinoamérica y sus proyecciones prácticas, lo que permitió ampliar la propuesta docente a cursos como: Teoría de la Decisión Judicial, Filosofía del Derecho en Colombia, Bioderecho y Biopolítica, Constitución, Democracia y Paz y Filosofía Política Contemporánea. En el ámbito investigativo se proyectó con el semillero de jóvenes investigadores en las líneas de Teoría De colonial del Derecho, Opinión Pública y Medios Digitales a través del Observatorio Verdad & Memoria y proyectos de investigación como Posontológico, Posfundacional y Posjurídico: Más allá de la Filosofía y la Teoría del Derecho Colonial en la Sociedad GlocAL y, más recientemente, Justicia Anamnética, Condición de Paz en Colombia: de la Ley del Talión a la Justicia del Perdón, la Reconciliación y la Democracia Adversarial. | ||
| 610 |
_aGrupo de Investigación Repensar el Derecho, investigador _2LEMB |
||
| 650 | 1 | 4 |
_aDerecho - Filosofía _2LEMB |
| 650 | 1 | 4 |
_aTeoría del derecho _2LEMB |
| 650 | 1 | 4 |
_aParadigma (Ciencias Sociales) _2LEMB |
| 942 |
_2ddc _cBK _n0 |
||
| 999 |
_c61024 _d61024 |
||